000 00658cab a2200229 4500
001 WB3215-107
008 090401t1996 xxu||||| |||| 00| 0 eng d
035 _a(Sirsi) u76413
041 _aeng
245 _aOrganic farming
260 _c1996
350 _a0
490 _aIndependent
_v12 April 1996, 8(2)
520 _aInterest in organic farming methods has grown since the BSE crisis. Compares the UK to Austria and the USA where organic farming is very successful. Table.
650 _aAUSTRIA
650 _aFARMING METHODS
650 _aORGANIC FARMING
650 _aUSA
690 _aRURAL PRACTICE
942 _n0
948 _c04/03/1997
999 _c48068
_d48068